| 000 | 00930cam a22002895a 4500 | ||
|---|---|---|---|
| 001 | 17734619 | ||
| 005 | 20150813151002.0 | ||
| 008 | 130511s2013 enka frb 001 0 eng d | ||
| 020 | _a0123972191 | ||
| 020 | _a9780123972194 | ||
| 040 |
_aDLC _beng _cDLC _dEG-ScBUE |
||
| 082 | 0 | 4 |
_a621.042 _bDAR _222 |
| 100 | 1 |
_aDa Rosa, Aldo Vieira. _911556 |
|
| 245 | 1 | 0 |
_aFundamentals of renewable energy processes / _cAldo Vieira da Rosa |
| 250 | _a3rd ed. | ||
| 260 |
_aOxford ; _aWaltham : _bAcademic Press / Elsevier, _c2013. |
||
| 300 |
_axxi, 884 p. : _bill. ; _c24 cm. |
||
| 500 | _aIndex : p. 863-884. | ||
| 504 | _aIncludes bibliographical references. | ||
| 650 | 0 |
_aRenewable energy sources. _2BUEsh |
|
| 650 | 0 |
_aPower (Mechanics) _2BUEsh |
|
| 650 | 0 |
_aEnvironmental engineering. _2BUEsh |
|
| 651 | _2BUEsh | ||
| 653 |
_bENGGEN _bENGMEC _cJune2015 _cAugust2015 |
||
| 655 |
_vreading book _934232 |
||
| 942 |
_2ddc _k621.042 DAR |
||
| 999 |
_c19765 _d19737 |
||